000 01319cam a22002054a 4500
005 20250605163950.0
008 250528s ||||||||||||||||||||||||d
035 _a15353
020 _a750607130
040 _aGR-AtMCL
_bgre
_dGR-AtMCL
_eAACR2
245 1 _aThe Theory and Practice of Personnel Management / Seventh Edition
250 _a7th
260 _bButterworth Heinemann,
_c1993
300 _a470
520 _aFully updated with new material on training, labor relations and industrial relations. Preface, The Personnel Management Function, Personnel Policy, Motivation, The Employment Function, Selection of Staff, Aspects of Employment - Transfer and Promotion and Termination, Special Categories of the Labor Force, Staff Assessment, Management by Objectives, The Training Function, Training Supervisors and Managers, Wages and Salaries - The National Scene, Wages and Salaries - The Individual and Productivity, The Framework of Industrial Relations, Labor Relations at the Workplace, Communications, Problems of Morale, Working Conditions and Welfare and Status, Health and Safety, Administering the Personnel Function, Human Asset Accounting, Auditing the Personnel Management Function, Appendices, Index.
700 1 _aCuming W. Maurice
_91254
942 _cBK
999 _c942
_d942